| 000 | 00436cam a2200157ua 4500 | ||
|---|---|---|---|
| 041 |
_amal _h |
||
| 082 |
_a894.812301 _bGOV/CH |
||
| 100 | _aGovindankutty, N . | ||
| 245 |
_aCharles flecturum Meenakshiyum / _cN Govindankutty. _hTextual Documents |
||
| 250 |
_a1 / _b. |
||
| 260 |
_aErnamkulam : _bPrabhatham printing and publishing co. pvt. ltd. , _c1958. |
||
| 300 | _a118 ; . | ||
| 504 | _a | ||
| 942 | _cBK | ||
| 999 |
_c11514 _d11514 |
||